000 00881nmc a2200301 a 4500
003 AR-BaBNM
005 20251128203756.0
008 147019s1974 ||||||||||||||000 | spa||
040 _cAR-BaBNM
100 1 _aBerman, Louise M.
245 1 0 _aNuevos objetivos en el programa escolar
250 _a1ª ed.
260 _aMéxico, D.F.
_bPax
_bLibrería Carlos Césarman
_c1974
300 1 _axxiii, 250 p.
_bdiagr., tablas
490 0 _aPedagogía
500 0 _aContiene apéndice
500 0 _aContiene índice
500 0 _aContiene referencias bibliográficas en notas a pie de página
650 4 _aDIDACTICA
650 4 _aOBJETIVOS EDUCACIONALES
650 4 _aPLAN DE ESTUDIOS
650 4 _aTOMA DE DECISIONES
650 4 _aCONCEPTOS MORALES
650 4 _aCREATIVIDAD
700 1 _aGonzález Hernández, José Luis
_etraductor
942 _cBK
998 _cSILVI
999 _c4899
_d4899